000 00568nam a2200217Ia 4500
003 OSt
005 20220928152016.0
006 a|||||r|||| 00| 0
007 ta
008 220927b |||||||| |||| 00| 0 san d
024 _a138965
037 _cTextual
040 _aSDCL
_cSDCL
_bsan
041 _2san
_asan
082 _aDelta:864, L9
100 _aJha Lasanalal
_9518809
245 0 _aJatakalnkara
_b Astrological calculation of a nativity.
260 _c1979
942 _hDelta:864, L9
_cTEXL
_2CC
999 _c853838
_d853838